000
00278nam a2200121Ia 4500
008
190216s9999||||xx |||||||||||||| ||und||
100
_a
Arora O P
245
0
_a
Objective Mathematics
260
_b
S Dihesh & Co
_c
1998
300
_a
1047p
650
_a
Mathematics
942
_c
REF
999
_c
36379
_d
36379